[Event "4eme open Provence A"]
[Site "Salon"]
[Date "2013.07.12"]
[Round "9"]
[White "Dudognon, Thibault"]
[Black "Brongers, Henk"]
[Result "1-0"]
[WhiteElo "1984"]
[BlackElo "2082"]
[PlyCount "105"]

1. e4 Nf6 2. e5 Nd5 3. d4 d6 4. Nf3 dxe5 5. Nxe5 c6 6. Be2 Bf5 7. O-O Nd7 8.
Nxd7 Qxd7 9. a3 e6 10. c4 Nf6 11. Be3 Bd6 12. Nc3 Qc7 13. h3 Rd8 14. Bf3 O-O
15. Re1 Rfe8 16. Qa4 a6 17. Qb3 Qc8 18. Rac1 e5 19. dxe5 Bxe5 20. Red1 Bb8 21.
Bb6 Rxd1+ 22. Rxd1 Qe6 23. Be3 b5 24. Ne2 bxc4 25. Qb7 Nd5 26. Bxd5 cxd5 27.
Qxd5 Qg6 28. Qd8 f6 29. Qd5+ Be6 30. Qf3 Qc2 31. Nd4 Qxb2 32. Nxe6 Qe5 33. Nf4
c3 34. Qd5+ Qxd5 35. Nxd5 Be5 36. g3 c2 37. Rc1 Rd8 38. Nb4 Bb2 39. Rxc2 Bxa3
40. Nxa6 Kf7 41. Kg2 h5 42. Rc3 Bb2 43. Rb3 Be5 44. f4 Ba1 45. f5 Rd7 46. Nc5
Re7 47. Rb7 Rxb7 48. Nxb7 g6 49. Nd8+ Kg7 50. Ne6+ Kf7 51. Bd4 gxf5 52. Nd8+
Ke8 53. Bxa1 1-0

[Event "4eme open Provence A"]
[Site "Salon"]
[Date "2013.07.12"]
[Round "9"]
[White "Colandrea, Sauveur"]
[Black "Petrossian, Armen"]
[Result "0-1"]
[WhiteElo "1762"]
[BlackElo "2409"]
[PlyCount "45"]

1. e4 c6 2. d4 d5 3. e5 Bf5 4. h4 h6 5. g4 Be4 6. f3 Bh7 7. e6 Nf6 8. Bd3 Qd6
9. Kf2 Bxd3 10. exf7+ Kxf7 11. Qxd3 Nbd7 12. h5 e5 13. Qf5 Qe6 14. Qg6+ Kg8 15.
Nh3 Bd6 16. g5 Nf8 17. Qd3 e4 18. Qd1 hxg5 19. Bxg5 Rxh5 20. Nf4 Bxf4 21. Bxf4
Rf5 22. Qd2 Ng6 23. Be3 0-1

[Event "4eme open Provence A"]
[Site "Salon"]
[Date "2013.07.12"]
[Round "9"]
[White "Feraud, Guillaume"]
[Black "Chauvet, Vincent"]
[Result "0-1"]
[WhiteElo "1706"]
[BlackElo "2134"]
[PlyCount "122"]

1. c4 Nf6 2. Nf3 c6 3. d4 d5 4. Nc3 e6 5. Bg5 h6 6. Bxf6 Qxf6 7. e3 Bd6 8. Bd3
O-O 9. O-O Qe7 10. Nd2 Nd7 11. f4 Bb8 12. Qf3 f5 13. h3 Nf6 14. Bc2 g5 15. Kh1
Qg7 16. Rg1 g4 17. Qg3 Kh8 18. Qh4 b6 19. a4 a5 20. b3 Ra7 21. Bd1 Bd6 22. hxg4
Nxg4 23. Bxg4 fxg4 24. g3 Qg6 25. Rac1 Qd3 26. Rg2 Qg6 27. Rh2 Rh7 28. Qh5 Kg7
29. Kg2 Qxh5 30. Rxh5 Bd7 31. e4 Ba3 32. Rc2 c5 33. exd5 cxd4 34. Nb5 Bc5 35.
Nc7 exd5 36. Nxd5 Bf5 37. Rc1 Kg6 38. Rhh1 Re8 39. Rhe1 Rhh8 40. Re5 Bd6 41.
Ree1 Bc5 42. Re5 Rxe5 43. fxe5 Re8 44. Re1 Bc8 45. Nf6 Rd8 46. Nde4 Bb4 47. Rd1
Kf5 48. Nf2 Bb7+ 49. Kf1 Bf3 50. Rd3 h5 51. Nxh5 Kxe5 52. Nf4 Kf5 53. Nd1 Rd6
54. Nf2 Be4 55. Nxe4 Kxe4 56. Kg2 Rf6 57. Rd1 Rf7 58. Ne2 d3 59. Nf4 d2 60. Kf2
Rh7 61. Ng2 Kd3 0-1

[Event "4eme open Provence A"]
[Site "Salon"]
[Date "2013.07.12"]
[Round "9"]
[White "Eisenberg, Philippe"]
[Black "Kolb, Sebastien"]
[Result "1-0"]
[WhiteElo "1610"]
[BlackElo "2049"]
[PlyCount "41"]

1. d4 Nf6 2. c4 g6 3. Nc3 Bg7 4. e4 d6 5. f3 O-O 6. Be3 Nc6 7. Nge2 a6 8. Qd2
Rb8 9. Rc1 Bd7 10. Nd1 e5 11. d5 Nd4 12. Nxd4 exd4 13. Bxd4 Re8 14. Nf2 c6 15.
Be2 b5 16. dxc6 Bxc6 17. O-O bxc4 18. Bxc4 Bb5 19. Bxb5 Rxb5 20. b3 Rb4 21.
Qxb4 1-0

[Event "4eme open Provence A"]
[Site "Salon"]
[Date "2013.07.12"]
[Round "9"]
[White "Poletti, Fausto"]
[Black "Benavides, Jeremy"]
[Result "1/2-1/2"]
[WhiteElo "1920"]
[BlackElo "1788"]
[PlyCount "60"]

1. c4 Nf6 2. Nc3 g6 3. g3 Bg7 4. Bg2 O-O 5. e4 d6 6. Nge2 e5 7. O-O Nc6 8. d3
Be6 9. h3 Qd7 10. Kh2 Ne8 11. Rb1 a5 12. Be3 f5 13. f4 Nf6 14. Nd5 fxe4 15.
dxe4 exf4 16. Nexf4 Rae8 17. Nxe6 Rxe6 18. Nxf6+ Rexf6 19. Rxf6 Bxf6 20. Qd2
Qe6 21. e5 Qxe5 22. Bf4 Qd4 23. Qe2 Bg7 24. b3 Qf6 25. Qd2 Qd4 26. Qe2 Be5 27.
Rd1 Qc3 28. Rd3 Qb2 29. Rd2 Qc3 30. Rd3 Qb2 1/2-1/2

[Event "4eme open Provence A"]
[Site "Salon"]
[Date "2013.07.12"]
[Round "9"]
[White "Merenciano, Alexandre"]
[Black "Chabeaudy, Matthieu"]
[Result "1-0"]
[WhiteElo "1877"]
[BlackElo "1716"]
[PlyCount "94"]

1. e4 d6 2. d4 Nf6 3. Nc3 g6 4. f3 Bg7 5. Be3 a6 6. Qd2 O-O 7. O-O-O b5 8. g4
Re8 9. h4 e6 10. h5 Bb7 11. Bd3 e5 12. hxg6 fxg6 13. dxe5 dxe5 14. Bc4+ bxc4
15. Qxd8 Rxd8 16. Rxd8+ Kf7 17. Nh3 Ke7 18. Rhd1 Nbd7 19. Rxa8 Bxa8 20. Nb1 Bc6
21. Ng1 Bb5 22. Ne2 Ne8 23. Nec3 Nd6 24. Nd5+ Kd8 25. Bg5+ Kc8 26. Rh1 Nf8 27.
Be7 h6 28. Bf6 Bxf6 29. Nxf6 Ne6 30. Nd2 Nf4 31. Rxh6 Nf7 32. Rh7 Ng5 33. Re7
Nge6 34. Nd5 Kd8 35. Rh7 Ng5 36. Rh8+ Kd7 37. Nxf4 exf4 38. Rg8 c3 39. bxc3 Be2
40. Rxg6 Nxf3 41. Nxf3 Bxf3 42. Rf6 Bxg4 43. Rxf4 Be6 44. a3 Kd6 45. Kd2 c5 46.
Ke3 Bc4 47. e5+ Kd5 1-0

[Event "4eme open Provence A"]
[Site "Salon"]
[Date "2013.07.12"]
[Round "9"]
[White "Massardo, Quentin"]
[Black "Danielan, Kevin"]
[Result "1-0"]
[WhiteElo "1759"]
[BlackElo "1774"]
[PlyCount "91"]

1. d4 d5 2. c4 c6 3. Nf3 Nf6 4. g3 e6 5. Bg2 Nbd7 6. O-O Bd6 7. b3 Ne4 8. Nfd2
Nxd2 9. Nxd2 Bb4 10. Qc2 Nf6 11. c5 O-O 12. a3 Ba5 13. b4 Bc7 14. f4 Re8 15.
Bb2 Ng4 16. Rf3 f6 17. h3 Nh6 18. e4 e5 19. exd5 cxd5 20. fxe5 fxe5 21. dxe5
Bxe5 22. Rd3 d4 23. c6 Rb8 24. cxb7 Bxb7 25. Bxb7 Rxb7 26. Qc4+ Kh8 27. Bxd4
Rd7 28. Nb3 Nf5 29. Rad1 Bxd4+ 30. Nxd4 Ne3 31. Ne6 Qb8 32. Qf4 Qxf4 33. Nxf4
Rxd3 34. Rxd3 Nc4 35. Rd7 Nxa3 36. Rxa7 Nc2 37. b5 Nd4 38. b6 Nc6 39. Rc7 Na5
40. b7 Nxb7 41. Rxb7 g6 42. Nd5 Rf8 43. g4 h5 44. g5 Rf5 45. Nf6 Rxg5+ 46. Kh2
1-0

[Event "4eme open Provence A"]
[Site "Salon"]
[Date "2013.07.12"]
[Round "9"]
[White "Busson, Benoist"]
[Black "Charvein, Gabriel"]
[Result "0-1"]
[WhiteElo "1972"]
[BlackElo "1870"]
[PlyCount "62"]

1. e4 d6 2. d4 Nf6 3. Nc3 g6 4. Nf3 Bg7 5. Be3 O-O 6. Qd2 Ng4 7. Bg5 Nd7 8. h3
Ngf6 9. e5 Ne8 10. O-O-O Nb6 11. Qe3 d5 12. Bh6 Be6 13. Nh2 Qd7 14. h4 Bxh6 15.
Qxh6 Ng7 16. Be2 Nf5 17. Qf4 h5 18. g4 hxg4 19. Nxg4 Kg7 20. h5 Rh8 21. Rdg1
Rag8 22. Ne3 Nxe3 23. fxe3 Bf5 24. Bf3 Kf8 25. hxg6 Rxh1 26. Rxh1 Bxg6 27. Rg1
c6 28. Bg4 Bf5 29. Qh6+ Ke8 30. e6 Qxe6 31. Qf4 Rxg4 0-1

[Event "4eme open Provence A"]
[Site "Salon"]
[Date "2013.07.12"]
[Round "9"]
[White "Porte, Jacques"]
[Black "Kavciyan, Yega"]
[Result "0-1"]
[WhiteElo "1535"]
[BlackElo "1657"]
[PlyCount "88"]

1. e4 c5 2. Nf3 Nc6 3. d3 e6 4. Nc3 d5 5. exd5 exd5 6. Be2 Nf6 7. Bg5 Be6 8.
O-O h6 9. Bh4 Be7 10. h3 O-O 11. d4 c4 12. a3 a6 13. Nh2 Qc7 14. Bg3 Qb6 15.
Nf3 Qxb2 16. Na4 Qb5 17. c3 Na5 18. Rb1 Nb3 19. Nb2 Bxa3 20. Nd2 Bf5 21. Nbxc4
Bxb1 22. Nxa3 Qa5 23. Naxb1 Nxd2 24. Nxd2 Qxc3 25. Be5 Nd7 26. Bd6 Rfe8 27. Nf3
b5 28. Qd3 Qxd3 29. Bxd3 Nb6 30. Ne5 Nc4 31. Bxc4 dxc4 32. Bc5 Rac8 33. Re1 f6
34. Nf3 Rxe1+ 35. Nxe1 a5 36. Bb6 Ra8 37. Nc2 b4 38. Bc5 b3 39. Na3 c3 40. d5
c2 41. Nxc2 bxc2 42. Be3 Rb8 43. Kh2 Rb1 44. d6 c1=Q 0-1